Lanao del Norte with no vowel - Statistics

General Stats
  • This quiz has been taken 2 times
  • The average score is 8 of 22
Answer Stats
Hint Answer % Correct
bcld Bacolod
100%
mgsysy Magsaysay
100%
slvdr Salvador
100%
bry Baroy
50%
klmbgn Kalambugan
50%
kptg Kapatagan
50%
kswgn Kauswagan
50%
ll Lala
50%
spd Sapad
50%
snd Snd
50%
tngcl Tangcal
50%
tbd Tubod
50%
bl Baloi
0%
lnmn Linamon
0%
mg Maigo
0%
mtng Matungao
0%
mn Munai
0%
nnngn Nunungan
0%
pnt rgt Pantao Ragat
0%
pntr Pantar
0%
pn pgp Poona Piagapo
0%
tgln Tagoloan
0%
No matching quizzes found
Score Distribution
Percent of People with Each Score
Percentile by Number Answered
Your Score History
You have not taken this quiz